| 000 | 00437cam a22001337a 4500 | ||
|---|---|---|---|
| 008 | 180718b1953 xxu||||| |||| 00| 0 eng d | ||
| 082 | _aB7303x54 Ag38 53 | ||
| 100 | _aAggarwal, Priya Vrat | ||
| 245 |
_aPunjab municipal act (Punjab act no. III of 1911) _cby Priya Vrat Aggarwal |
||
| 260 |
_aDelhi _bSat Dev Verma _c1953 |
||
| 300 | _av.p. | ||
| 650 | _aLocal elections --India --Punjab. | ||
| 650 | _aMunicipal government --India --Punjab | ||
| 999 |
_c422473 _d422473 |
||